1249 1124 1170 1645 1020 1069 1234 1223 1423 1611 1171 1396 1281 1570 1539 1204 1493 1264 1243 1212 1761 1438 1711 1117 1067 1995 1825 1279 1411 1397 1020 1739 1931 1177 1913 1436 1672 1668 1537 1516 1515 1843 1901 1445 1972 1263 1444 1505 1004 1549 1071 1590 1861 1125 1044 1001 1152 1898 1967 1365 1185 1929 1630 1005 1115 1551 1540 1930 1398 1798 1697 1001 1643 1903 1242 1546 1897 1058 1909 1160 1618 1211 1852 1558 1196 1693 1154 1744 1593 1406 1915 1264 1428 1337 1386 1361 1208 1162 1714 BCNSPRNW ULIB Ver.6.0+V

เปลี่ยนเป็นภาษาไทย

Change to English
 แสดงรายละเอียดบรรณานุกรม
  กลับหน้าหลัก

Brief Record : Get Marc (ISO 2709) : E-mail record : QR code < ปิดหน้าต่าง
LEADER : 00000nam 2200000uu 4500
001    13399110441
003     ULIB
008    110530s2551||||th 000 0 tha d
020    9789749742419
050  4 TR897.7^bน284ส 2551
100 0  นรินทร์ เรืองแสน
245 10 สร้างการ์ตูน Animation ด้วย Flash /^cNarin Roungsan
260    กรุงเทพฯ :^bโปรวิชั่น,^c2551
300    413 หน้า :^bภาพประกอบ ;^c22 ซม. +^eคอมแพกต์ดิสก์ 1 แผ่น
650  7 แฟลช (โปรแกรมคอมพิวเตอร์)
650  7 การสร้างภาพเคลื่อนไหวด้วยคอมพิวเตอร์
650  7 คอมพิวเตอร์กราฟิก
650  7 ภาพยนตร์การ์ตูน^xการผลิตและการกำกับรายการ
650  7 การ์ตูน
700 0  Narin Roungsan
945    ^p369^l0^i030099
995    เกษร
999 ^a ใช้งานได้ทุกระบบ
รายการนี้ยังไม่มีแท็ก
คุณยังไม่ได้ล็อกอิน คุณสามารถมีกิจกรรมร่วมกับเว็บไซต์ได้ แต่ต้องล็อกอินก่อน ::
  ล็อกอิน

รายการสื่อสารสนเทศ

ลำดับที่ ประเภท เลขเรียก/บาร์โค้ด สถานที่ สถานะ
- ไม่พบข้อมูล -

รายการใกล้เคียง
    หัวเรื่อง [การสร้างภาพเคลื่อนไหวด้วยคอมพิวเตอร์]
    หัวเรื่อง [คอมพิวเตอร์กราฟิก]
    หัวเรื่อง [การ์ตูน]

BibComment


ยังไม่เคยถูกคอมเมนท์

คอมเมนท์ทรัพยากรรายการนี้
  คอมเมนท์: สร้างการ์ตูน Anim..


 Copyright 2026. Bcnsprnw @Library